Problem cities in search of solutions : Delhi- Nairobi- - Lusaka (Record no. 414517)

000 -LEADER
fixed length control field 00482cam a22001337a 4500
008 - FIXED-LENGTH DATA ELEMENTS--GENERAL INFORMATION
fixed length control field 180718b1981 xxu||||| |||| 00| 0 eng d
082 ## - DEWEY DECIMAL CLASSIFICATION NUMBER
Classification number XA B575
245 ## - TITLE STATEMENT
Title Problem cities in search of solutions : Delhi- Nairobi- - Lusaka
Statement of responsibility, etc. edited by Thomas L. Blair
260 ## - PUBLICATION, DISTRIBUTION, ETC.
Place of publication, distribution, etc. London
Name of publisher, distributor, etc. School of environment
Date of publication, distribution, etc. 1981
300 ## - PHYSICAL DESCRIPTION
Extent 6v,xiii,159p
650 ## - SUBJECT ADDED ENTRY--TOPICAL TERM
Topical term or geographic name entry element Cities and Towns - Growth I. The polytechnic of central London, School of environment.
650 ## - SUBJECT ADDED ENTRY--TOPICAL TERM
Topical term or geographic name entry element Housing
700 ## - ADDED ENTRY--PERSONAL NAME
Personal name Blair, Thomas L.
Holdings
Withdrawn status Lost status Damaged status Not for loan Permanent Location Current Location Date acquired Full call number Barcode Date last seen Price effective from Koha item type
        Indian Institute of Public Administration Indian Institute of Public Administration 2009-02-25 XA B575 D2012 2018-07-21 2018-07-21 D

Powered by Koha